| 000 | 00446nam a22001577a 4500 | ||
|---|---|---|---|
| 003 | NUST | ||
| 038 | _asaima | ||
| 082 | _a004 | ||
| 100 |
_aWaseem, Hira _935244 |
||
| 245 | _aAn Efficient Edge Preserving and Texture Suppression Technique / | ||
| 260 |
_aIslamabad : _bMCS - NUST, _c2016 |
||
| 300 |
_a46 p. ; _c30cm. |
||
| 650 |
_aComputer Science Engineering-An Efficient Edge _935245 |
||
| 700 |
_aDr. Naima Iltaf _935038 |
||
| 942 |
_2ddc _cTHE |
||
| 999 |
_c540939 _d540939 |
||